000 00266nam a2200097Ia 4500
008 240331s9999 xx 000 0 und d
082 _bPOW
100 _aEdirisinha,R
245 0 _aPower sharing in Sri lanka constitutional and political documents 1926-2008
942 _cL
999 _c5405
_d5405